000 00905nam0a22002411 4500
001 rc\2771936
005 20250806210012.0
035 _a(NLR Aleph) 006898300
090 _a27505
_c27505
100 _a20110915d1941 u y0rusy50 ca
101 0 _arus
102 _aRU
105 _ay z |||||
200 1 _aИнструкция по производству сыра брынзы из овечьего и козьего молока
_fНар. ком. мясной и молочной промышленности СССР. Глав. упр. сыродельной промышленности
210 _aАлма-Ата
_cКазгосиздат
_d1941
215 _a20 с.
_d22 см.
801 0 _aRU
_bNLR
_gpsbo
801 1 _aRU
_bELAR
_2rusmarc
852 _aNLR
_jТ66 Г-6/4
942 _cBOOK
945 _aРоссийская национальная библиотека
980 _aNB
980 _aBV